000 00638nam a2200181Ia 4500
003 GCL
008 140319s9999 xx 000 0 ara d
040 _aGCL /
_cGCL
082 0 4 _a001.6424
_bم م
100 1 _aمحمد جمال احمد قبيعة
245 1 0 _aالمرجع الكامل لنظام التشغيل دوس MS-DOS 6.22 /
_cمحمد جمال احمد قبيعة
490 _aالهيئة العامة للاستعلامات
_v0
650 0 4 _aالحاسبات الالكترونية
650 0 4 _aدوس
650 0 4 _aالحاسبات الالكترونية - برامج
650 0 4 _aدوس DOS 6.2
942 _2ddc
_cBK
999 _c47765
_d47765